|
|
|
|
| LEADER |
00000nab a2200000 a 4500 |
| 001 |
vtls001002959 |
| 003 |
SK-MaSNL |
| 005 |
20260303040903.0 |
| 008 |
040720e19970729xo 0 slo |
| 035 |
|
|
|a RV3559
|
| 040 |
|
|
|a RVGKPD
|b slo
|c RVGKPD
|e AACR2
|
| 041 |
0 |
|
|a slo
|
| 044 |
|
|
|a xo
|c SK
|
| 080 |
|
|
|a 379.835
|2 1981
|
| 100 |
1 |
|
|a Vilim, Ján
|4 aut
|9 664864
|
| 245 |
1 |
0 |
|a Leto v Brdárke '97
|
| 518 |
|
|
|a 10.-24.08.1997
|
| 611 |
1 |
7 |
|a Leto v Brdárke
|2 RVGKPD
|9 1023947
|
| 650 |
0 |
7 |
|a tábory letné mládežnícke medzinárodné
|2 RVGKPD
|9 1024558
|
| 651 |
|
7 |
|a Brdárka (Slovensko)
|2 RVGKPD
|9 58513
|
| 655 |
|
7 |
|a periodikum
|2 snkbucl
|9 29553
|
| 773 |
0 |
8 |
|t Zora Gemera
|g Roč. 5, č.30, 29.7.1997, s. 3
|
| 852 |
|
|
|a ZVYKNI
|b KIS3GCP
|
| 999 |
|
|
|c 1684113
|d 1686043
|